ბათუმის შოთა რუსთაველის სახელმწიფო უნივერსიტეტის ბიბლიოთეკა

საქართველოში მართლმადიდებელ მორწმუნეთა დამოკიდებულება სოციალურ-დემოგრაფიული ქცევისა და ოჯახის პრობლემებისადმი / (ბიბ.ჩანაწერი № 55369)

000 -ლიდერი
ფიქსირებული სიგრძის საკონტროლო ველი 02485nam a2200253Ia 4500
001 - საკონტროლო ნომერი
საკონტროლო ველი 22447
003 - საკონტროლო ნომრის იდენტიფიკატორი
საკონტროლო ველი GE_BSU
005 - ბოლო ოპერაციის თარიღი და დრო
საკონტროლო ველი 20250220162346.0
008 - ფიქსირებული სიგრძის მონაცემთა ელემენტები - ზოგადი ინფორმაცია
ფიქსირებული სიგრძის საკონტროლო ველი 181216s2016||||ge |||||||||||||| ||geo||
020 ## - წიგნის საერთაშორისო სტანდარტული ნომერი
International Standard Book Number 9789941091544
040 ## - კატალოგიზაციის წყარო
Transcribing agency GE_BSU
041 ## - ენის კოდი
Language code of text/sound track or separate title geo
080 ## - უნივერსალური ათობითი კლასიფიკაციის ინდექსი
Universal Decimal Classification number 314(479.22)+271.222(479.22) ს-32
245 ## - ცნობა სათაურის შესახებ
Title საქართველოში მართლმადიდებელ მორწმუნეთა დამოკიდებულება სოციალურ-დემოგრაფიული ქცევისა და ოჯახის პრობლემებისადმი /
Statement of responsibility, etc ილიას სახელმწიფო უნივერსიტეტის დემოგრაფიისა და სოციოლოგიის ინსტიტუტი, თბილისის სასულიერო აკადემია; რედაქტორები: გიორგი წულაძე, ბესარიონ ცინცაძე.
264 ## - წარმოების, გამოცემის, დისტრიბუციის და სხვა ცნობები
გამოცემის, წარმოების, დისტრიბუციის... ადგილი თბილისი :
გამოცემის, წარმოების, დისტრიბუციის... სახელწოდება თბილისის სასულიერო აკადემიისა და სემინარიის გამ-ბა,
გამოცემის, წარმოების, დისტრიბუციის... თარიღი 2016.
300 ## - ფიზიკური აღწერა
Extent 128 გვ. :
Other physical details ცხრ. ;
Dimensions 20 სმ.
653 ## - INDEX TERM--UNCONTROLLED
Uncontrolled term რელიგიური დემოგრაფიული პოლიტიკა საქართველოში. რეპროდუქციული ქცევა.
653 ## - INDEX TERM--UNCONTROLLED
Uncontrolled term საქართველოში მართლმადიდებელ მორწმუნეთა დამოკიდებულება სოციალურ-დემოგრაფიული ქცევისა და ოჯახის პრობლემებისადმი
653 ## - INDEX TERM--UNCONTROLLED
Uncontrolled term სოციალური ქცევა. დემოგრაფიული ქცევა. საქართველოს დემოგრაფია.
700 ## - ADDED ENTRY--PERSONAL NAME
Personal name წულაძე, გიორგი
Relator term რედაქტორი
9 (RLIN) 4394
700 ## - ADDED ENTRY--PERSONAL NAME
Personal name ცინცაძე, ბესარიონ
Relator term რედაქტორი
9 (RLIN) 24405
710 ## - ADDED ENTRY--CORPORATE NAME
Corporate name or jurisdiction name as entry element ილიას სახელმწიფო უნივერსიტეტი. დემოგრაფიისა და სოციოლოგიის ინსტიტუტი.
Subordinate unit თბილისის სასულიერო აკადემია
9 (RLIN) 24406
942 ## - ADDED ENTRY ELEMENTS (KOHA)
Koha item type წიგნი
Source of classification or shelving scheme
ეგზემპლარები
ჩამოწერის სტატუსი დაკარგული ეგზემპლარის სტატუსი კლასიფიკაციის წყარო ან თაროზე გაწყობის სქემა დაზიანების სტატუსი არ გაიცემა მუდმივი მდებარეობა (დაცვის ადგილი) ამჟამინდელი ადგილსამყოფელი თაროზე განთავსების ადგილი შეძენის თარიღი ღირებულება, შესყიდვის ნორმალური ფასი სრული შენახვის შიფრი შტრიხკოდი ბოლო ოპერაციის თარიღი ეგზემპლარის მიმდევრობითი ნომერი (კეტერი?) ფასის ძალაში შესვლის თარიღი ეგზემპლარის სახეობა საჯარო შენიშვნა
          ბათუმის შოთა რუსთაველის სახელმწიფო უნივერსიტეტის მთავარი ბიბლიოთეკა ბათუმის შოთა რუსთაველის სახელმწიფო უნივერსიტეტის მთავარი ბიბლიოთეკა წიგნსაცავი 2018-12-17 5.00 314(479.22)+271.222(479.22) ს-32 28112 2018-12-17 28112 2018-12-17 წიგნი 5 ლ.
          ბათუმის შოთა რუსთაველის სახელმწიფო უნივერსიტეტის მთავარი ბიბლიოთეკა ბათუმის შოთა რუსთაველის სახელმწიფო უნივერსიტეტის მთავარი ბიბლიოთეკა წიგნსაცავი 2018-12-17 5.00 314(479.22)+271.222(479.22) ს-32 28113 2018-12-17 28113 2018-12-17 წიგნი 5 ლ.